|
|
|
|
| LEADER |
00000nam0a2200000 4500 |
| 001 |
26579 |
| 005 |
20231030201701.0 |
| 010 |
|
|
|a 5879830934
|
| 010 |
|
|
|a 966-543-059-9
|
| 035 |
|
|
|a (RuTPU)RU\TPU\book\26823
|
| 035 |
|
|
|a BOOK00026898
|
| 090 |
|
|
|a 26579
|
| 100 |
|
|
|a 20011209d2000 m y0rusy50 ca
|
| 101 |
0 |
|
|a rus
|
| 102 |
|
|
|a RU
|a UA
|
| 105 |
|
|
|a y j 001zy
|
| 200 |
1 |
|
|a Основы паблик рилейшнз
|e учебник для вузов
|f В. Г. Королько
|
| 210 |
|
|
|a Москва
|c РЕФЛ-бук
|a Киев
|c Ваклер
|d 2000
|
| 215 |
|
|
|a 528 с.
|
| 225 |
1 |
|
|a Образовательная литература
|
| 320 |
|
|
|a Библиогр.: с. 506-510.
|
| 330 |
|
|
|a Паблик рилейшнз - связи с общественностью - выступают наивысшим достижением современной науки и искусства установления и поддержания конструктивных отношений между организацией или отдельным индивидом и окружающей их общественностью. В книге с учетом современной теории и зарубежного опыта изложены методологические и методические основы учебной дисциплины "Паблик рилейшнз". Издание предназначено преподавателям, аспирантам и студентам вузов, специалистам в области государственного управления и менеджмента. Книга представляет практический интерес для всех кто работает или планирует работать в сфере связей с общественностью.
|
| 451 |
|
1 |
|0 (RuTPU)RU\TPU\book\59993
|y 5-87983-093-4
|t Основы паблик рилейшнз
|o учебник
|o Авторизованный пер. с укр.
|f В. Королько
|c Киев
|n РЕФЛ-бук
|d 2003
|p 526 с.
|s Образовательная литература
|a Королько, Валентин Григорьевич
|
| 610 |
1 |
|
|a экономика
|
| 610 |
1 |
|
|a реклама
|
| 610 |
1 |
|
|a паблик рилейшнз
|
| 610 |
1 |
|
|a ПР
|
| 610 |
1 |
|
|a связи с общественностью
|
| 610 |
1 |
|
|a имидж
|
| 610 |
1 |
|
|a общественное мнение
|
| 610 |
1 |
|
|a избирательные кампании
|
| 610 |
1 |
|
|a коммуникации
|
| 610 |
1 |
|
|a учебные пособия
|
| 675 |
|
|
|a 659.4(075.8)
|v 3
|
| 700 |
|
1 |
|a Королько
|b В. Г.
|g Валентин Григорьевич
|
| 801 |
|
0 |
|a RU
|b 63413507
|c 20011209
|g PSBO
|
| 801 |
|
2 |
|a RU
|b 63413507
|c 20170330
|g PSBO
|
| 900 |
|
|
|a Социология общественного мнения
|
| 900 |
|
|
|a Профессиональная этика
|
| 900 |
|
|
|a Современные гуманитарные технологии
|
| 942 |
|
|
|c BK
|